Statistiques concernant Grand-Bailliage de Haguenau (avec carte !)

Cliquez ici pour prendre le quiz!

Statistiques générales

  • Ce quiz a été pris 13 fois
  • Le résultat moyen est 12 sur 39

Réponses sur la Carte

Les réponses sont colorées sur une échelle allant du rouge au vert en fonction du pourcentage des utilisateurs qui les ont devinées à leur premier essai. Vous pouvez retrouver ces pourcentages ci-dessous.
 

Statistiques - réponses

Country% Correct
Ohlungen
60%
Niederschaeffolsheim
50%
Soufflenheim
50%
Bernolsheim
40%
Bossendorf
40%
Ettendorf
40%
Kriegsheim
40%
Lixhausen
40%
Minversheim
40%
Mommenheim
40%
Surbourg
40%
Batzendorf
30%
Dangolsheim
30%
Eschbach
30%
Grassendorf
30%
Hochfelden
30%
Huttendorf
30%
La Walck
30%
Morschwiller
30%
Mutzenhouse
30%
Uberach
30%
Wahlenheim
30%
Wingersheim
30%
Berstheim
20%
Bilwisheim
20%
Bitschhoffen
20%
Forstheim
20%
Gunstett
20%
Hegeney
20%
Hochstett
20%
Kindwiller
20%
Kuttolsheim
20%
Mittelschaeffolsheim
20%
Ringeldorf
20%
Rottelsheim
20%
Rumersheim
20%
Scherlenheim
20%
Wintershouse
20%
Wittersheim
20%

Distribution des résultats

Percentile par nombre de réponses

% des personnes avec chaque résultat

Votre développement - résultats

Vous n’avez pas pris ce quiz